[Event "FRA-ch U20"]
[Site "Vichy"]
[Date "2025.04.27"]
[Round "1"]
[White "Droin, Augustin"]
[Black "Fricker, Arthur"]
[Result "1-0"]
[WhiteElo "2467"]
[BlackElo "1783"]
[PlyCount "45"]
[EventDate "2025.04.27"]
[EventType "swiss"]
[EventRounds "9"]
[EventCountry "FRA"]
[SourceTitle "CB19_2025"]
[SourceDate "2025.05.07"]
[SourceVersion "1"]
[SourceVersionDate "2025.05.07"]
[SourceQuality "1"]

1. e4 c5 2. Nf3 e6 3. Nc3 Nc6 4. Bb5 Nd4 5. Bc4 Ne7 6. Nxd4 cxd4 7. Ne2 Nc6 8. 0-0 Bc5 9. c3 e5 10. b4 Bb6 11. b5 Na5 12. Bd5 dxc3 13. dxc3 0-0 14. Ba3 Re8 15. c4 Qc7 16. Bd6 Qd8 17. c5 Bc7 18. f4 Bxd6 19. cxd6 Qb6+ 20. Kh1 Qxb5 21. fxe5 Rf8 22. Nd4 Qb6 23. Rf3 1-0